Jalta bola po Mníchove : (Na pamäť 25. výročia ukončenia druhej svetovej vojny a definitívneho oslobodenia Československa.)

Bibliographic Details
Main Author: Novomeský, Ladislav, 1904-1976 (Author)
Format: Article
Language:Slovak
Subjects:

MARC

LEADER 00000nab a2200000uu 4500
001 vtls011537092
003 SK-MaSNL
005 20260304180836.0
008 230222|1970 xo |||||||||||||||||slo|
015 |a SNBRB 
035 |a (urnnbn)urn:nbn:sk:snk:ar-0051e6 
035 |a (uuid)ca12f0b4-6040-4ee4-b7a5-20d00f41ffa9 
035 |a urn:nbn:sk:snk-abew42 
040 |a SNKBUCL  |b slo  |c SNKBUCL  |e AACR2 
041 0 |a slo 
044 |a xo  |c SK 
100 1 |a Novomeský, Ladislav,  |d 1904-1976  |4 aut  |9 75208 
245 1 0 |a Jalta bola po Mníchove :  |b (Na pamäť 25. výročia ukončenia druhej svetovej vojny a definitívneho oslobodenia Československa.)  |c Ladislav Novomeský 
650 0 7 |a druhá svetová vojna (1939-1945)  |2 SNKPH  |9 169657 
773 0 |t Slovenská literatúra  |g Roč. 17, č. 2 (1970), s. 129-131 
954 |a odborná, vedecká literatúra pôvodná (slovenská)  |2 lita 
958 |a OND 
958 |a EUIPO 
958 |a article22 
999 |c 3019986  |d 3021916